000 01151nam a2200313 a 4500
001 000004023
003 DO-SdBNP
005 20260302114334.0
007 ta
008 090716s2007 dr 000 0 spa d
020 _a9789993442707
040 _aDO-SdBNP
_bspa
_cBNPHU
082 4 _a972.93
_bA185p
_222
100 1 _aAcosta Cuevas, Ariel,
_d1935-
_912029
245 1 0 _aPor los caminos del sur /
_cAriel Acosta Cuevas ; prólogo Ramón Rolando Arvelo.
260 _aSanto Domingo :
_bFERILIBRO,
_c2007.
300 _a188 p. ;
_c23 cm.
500 _aIncluye referencias bibliográficas y notas al pie de las páginas.
504 _aBibliografía : p. 181-182.
590 _aInventariado, 2022 / DG
650 4 _aCiudades y pueblos
_xRepública dominicana
_91095
651 4 _aRepública Dominicana
_xHistoria
_9170
651 4 _aRepública Dominicana
_xDescripciones y viajes
_91651
651 4 _aRepública Dominicana
_xVida Social y costumbres
_9405
651 4 _aRepública Dominicana
_xCondiciones económicas
_9281
700 1 _aRolando Arvelo, Ramón,
_epról.
_912030
910 _aValidado. Control de calidad MMOLINA
942 _2ddc
_cLBS1
999 _c3842
_d3842